[Event "Mecklenburg VP LL2 Ost 1516"]
[Site "Mecklenburg VP"]
[Date "2016.04.10"]
[Round "8.2"]
[White "Zibell, Walter"]
[Black "Van Bentum, Horst"]
[Result "0-1"]
[WhiteElo "1760"]
[BlackElo "1925"]
[PlyCount "88"]
[EventDate "2015.09.20"]
[EventType "team-tourn"]
[EventRounds "9"]
[EventCountry "GER"]
[SourceTitle "EXT 2022"]
[Source "ChessBase"]
[SourceDate "2021.10.06"]
[SourceVersion "1"]
[SourceVersionDate "2021.10.06"]
[SourceQuality "1"]
[WhiteTeam "Neubrandenburg SG Eintracht III"]
[BlackTeam "Graal Mueritz"]
[WhiteTeamCountry "GER"]
[BlackTeamCountry "GER"]

1. d4 Nf6 2. c4 e5 3. d5 Bb4+ 4. Bd2 a5 5. Nc3 d6 6. Qc2 0-0 7. h3 Nbd7 8. Nf3 Nc5 9. e3 Bxc3 10. Bxc3 Nfe4 11. b3 Bf5 12. Qb2 Nxc3 13. Qxc3 Bg6 14. Be2 f5 15. 0-0-0 f4 16. exf4 Rxf4 17. g3 Rf8 18. Qe3 Qf6 19. Rh2 Qf5 20. Kd2 Qc2+ 21. Ke1 Qxa2 22. Nd2 Qc2 23. h4 Qb2 24. h5 Bc2 25. h6 g6 26. Rh5 Bxd1 27. Bxd1 Qd4 28. Qxd4 exd4 29. Rh2 Rae8+ 30. Kf1 Ne4 31. Nf3 Nc3 32. Nxd4 Nxd1 33. Ne6 Rxe6 34. dxe6 Ne3+ 35. Ke2 Nf5 36. Kd3 Rf6 37. b4 axb4 38. f4 Rxe6 39. g4 Ne7 40. Ra2 Rf6 41. Ke4 Rf8 42. Ra7 Rb8 43. c5 dxc5 44. Ke5 Nc6+ 0-1

[Event "Mecklenburg VP LL2 West 1415"]
[Site "Mecklenburg VP"]
[Date "2015.04.26"]
[Round "9.7"]
[White "Zibell, Walter"]
[Black "Mitscherling, Reinhard"]
[Result "0-1"]
[WhiteElo "1811"]
[BlackElo "1791"]
[PlyCount "86"]
[EventDate "2014.09.21"]
[EventType "team-tourn"]
[EventRounds "9"]
[EventCountry "GER"]
[SourceTitle "EXT 2022"]
[Source "ChessBase"]
[SourceDate "2021.10.06"]
[SourceVersion "1"]
[SourceVersionDate "2021.10.06"]
[SourceQuality "1"]
[WhiteTeam "Neubrandenburg SG Eintracht II"]
[BlackTeam "Ludwigslust VT 2000"]
[WhiteTeamCountry "GER"]
[BlackTeamCountry "GER"]

1. d4 f5 2. e4 d6 3. Nc3 Nf6 4. exf5 Bxf5 5. Bd3 Qd7 6. Bg5 Bxd3 7. Qxd3 Nc6 8. 0-0-0 0-0-0 9. h3 g6 10. d5 Ne5 11. Qe2 Bg7 12. Nb5 a6 13. Na7+ Kb8 14. Be3 Qa4 15. Kb1 Qc4 16. Qe1 Nxd5 17. Bd4 Nb6 18. f4 Kxa7 19. fxe5 dxe5 20. Be3 e4 21. Ne2 Ka8 22. Rf1 Na4 23. Bc1 Bxb2 24. Rxd8+ Rxd8 25. Bxb2 Qb5 26. Qc1 Qxe2 27. g4 Rd6 28. Ka1 Nxb2 29. Rf8+ Ka7 30. Kxb2 Rb6+ 31. Ka1 e3 32. Rf1 Qc4 33. c3 e2 34. Re1 Qd3 35. a3 Rd6 36. Kb2 e5 37. Ka2 e4 38. Qb2 Rb6 39. Qxe2 Qxc3 40. Rd1 Qb3+ 41. Ka1 Qxa3+ 42. Qa2 Qc3+ 43. Qb2 Qxb2# 0-1

[Event "Mecklenburg VP LL2 Ost 1213"]
[Site "Mecklenburg VP"]
[Date "2013.04.14"]
[Round "8.7"]
[White "Zibell, Walter"]
[Black "Reeps, Rickert"]
[Result "0-1"]
[WhiteElo "1760"]
[BlackElo "1638"]
[PlyCount "72"]
[EventDate "2012.10.14"]
[EventType "team-tourn"]
[EventRounds "9"]
[EventCountry "GER"]
[SourceTitle "EXT 2022"]
[Source "ChessBase"]
[SourceDate "2021.10.06"]
[SourceVersion "1"]
[SourceVersionDate "2021.10.06"]
[SourceQuality "1"]
[WhiteTeam "Neubrandenburg SG Eintracht II"]
[BlackTeam "Malchow Schachinsel"]
[WhiteTeamCountry "GER"]
[BlackTeamCountry "GER"]

1. d4 d5 2. c4 e6 3. Nc3 Nf6 4. Bg5 Be7 5. e3 Nbd7 6. Nf3 0-0 7. Bd3 dxc4 8. Bxc4 a6 9. a4 c5 10. 0-0 Nb6 11. Ba2 cxd4 12. exd4 Nbd5 13. Ne2 h6 14. Bh4 Bd7 15. Rc1 Qa5 16. b3 Rfc8 17. Ne5 Rxc1 18. Nxc1 Be8 19. Nc4 Qd8 20. Ne2 Rc8 21. Bb1 Bxa4 22. Qd3 Bb5 23. g4 Qc7 24. f4 Bxc4 25. bxc4 Qxc4 26. Rc1 Qxc1+ 27. Nxc1 Rxc1+ 28. Kf2 Nxg4+ 29. Kf3 Rc3 30. Bxe7 Rxd3+ 31. Bxd3 Nxh2+ 32. Kg3 Nxe7 33. Kxh2 Nd5 34. Kg3 g6 35. Be4 Kf8 36. Kf3 Ke7 0-1

[Event "Mecklenburg VP VL 1213"]
[Site "Mecklenburg VP"]
[Date "2013.03.17"]
[Round "7.7"]
[White "Schulz, Bernd"]
[Black "Zibell, Walter"]
[Result "0-1"]
[WhiteElo "1836"]
[BlackElo "1760"]
[PlyCount "66"]
[EventDate "2012.10.14"]
[EventType "team-tourn"]
[EventRounds "9"]
[EventCountry "GER"]
[SourceTitle "EXT 2022"]
[Source "ChessBase"]
[SourceDate "2021.10.06"]
[SourceVersion "1"]
[SourceVersionDate "2021.10.06"]
[SourceQuality "1"]
[WhiteTeam "Wismar ASV Gruen-Weiss"]
[BlackTeam "Neubrandenburg SG Eintracht"]
[WhiteTeamCountry "GER"]
[BlackTeamCountry "GER"]

1. e4 c5 2. c3 d5 3. exd5 Qxd5 4. d4 Nc6 5. Nf3 Bg4 6. Be2 e6 7. h3 Bh5 8. c4 Qd6 9. d5 exd5 10. cxd5 Bxf3 11. Bxf3 Nd4 12. 0-0 Nf6 13. Re1+ Be7 14. Be3 Nxf3+ 15. Qxf3 0-0 16. Nc3 a6 17. Rad1 Rfd8 18. Bf4 Qd7 19. d6 Bf8 20. Bg5 Ne8 21. Bxd8 Rxd8 22. Ne4 b6 23. Rd2 h6 24. Qb3 Qe6 25. Qxb6 Rxd6 26. Rxd6 Nxd6 27. Re3 Qd5 28. Nxd6 Bxd6 29. Re8+ Kh7 30. Qxa6 Qd1+ 31. Qf1 Bh2+ 32. Kxh2 Qxf1 33. Kg3 Qb1 0-1

[Event "Mecklenburg VP LL2 Ost 1213"]
[Site "Mecklenburg VP"]
[Date "2013.02.24"]
[Round "6.7"]
[White "Nauschuetz, Ernst"]
[Black "Zibell, Walter"]
[Result "1-0"]
[WhiteElo "1853"]
[BlackElo "1760"]
[PlyCount "81"]
[EventDate "2012.10.14"]
[EventType "team-tourn"]
[EventRounds "9"]
[EventCountry "GER"]
[SourceTitle "EXT 2022"]
[Source "ChessBase"]
[SourceDate "2021.10.06"]
[SourceVersion "1"]
[SourceVersionDate "2021.10.06"]
[SourceQuality "1"]
[WhiteTeam "Greifswald II"]
[BlackTeam "Neubrandenburg SG Eintracht II"]
[WhiteTeamCountry "GER"]
[BlackTeamCountry "GER"]

1. c4 Nf6 2. g3 e6 3. Bg2 d5 4. Nf3 Be7 5. 0-0 0-0 6. b3 c6 7. Bb2 dxc4 8. bxc4 Nbd7 9. Qc2 Qc7 10. d4 c5 11. e3 cxd4 12. exd4 Nb6 13. Nbd2 Bd7 14. a4 Rfc8 15. Rfc1 Bc6 16. a5 Nbd7 17. Qb3 Rd8 18. h3 h6 19. Ba3 Bxa3 20. Qxa3 Be4 21. Nxe4 Nxe4 22. Qb3 Nd6 23. c5 Nf5 24. Qa3 Nb8 25. Rd1 Ne7 26. Ne5 f6 27. Nc4 Nbc6 28. Nd6 Rab8 29. Qa2 Rxd6 30. cxd6 Qxd6 31. Qc4 Rc8 32. Qc5 Qd7 33. Bxc6 Rxc6 34. Qxa7 Rc2 35. a6 Rb2 36. Qb8+ Kh7 37. a7 Nc6 38. Qf4 Nxa7 39. Rxa7 e5 40. Qe4+ Kg8 41. Qg6 1-0

[Event "Mecklenburg VP LL2 Ost 1213"]
[Site "Mecklenburg VP"]
[Date "2012.11.25"]
[Round "3.7"]
[White "Mauser, Tassilo Tino"]
[Black "Zibell, Walter"]
[Result "0-1"]
[WhiteElo "1525"]
[BlackElo "1760"]
[PlyCount "86"]
[EventDate "2012.10.14"]
[EventType "team-tourn"]
[EventRounds "9"]
[EventCountry "GER"]
[SourceTitle "EXT 2022"]
[Source "ChessBase"]
[SourceDate "2021.10.06"]
[SourceVersion "1"]
[SourceVersionDate "2021.10.06"]
[SourceQuality "1"]
[WhiteTeam "Gryps SV"]
[BlackTeam "Neubrandenburg SG Eintracht II"]
[WhiteTeamCountry "GER"]
[BlackTeamCountry "GER"]

1. e4 c5 2. Nc3 e6 3. g3 Nc6 4. Bg2 a6 5. f4 Nge7 6. Nf3 d5 7. e5 Bd7 8. 0-0 Nf5 9. Ne2 c4 10. Kh1 Bc5 11. c3 0-0 12. Qe1 Be7 13. b4 b5 14. Bb2 a5 15. a3 Ra6 16. Bh3 f6 17. g4 Nh6 18. Ng3 fxe5 19. Nxe5 Nxe5 20. Qxe5 Bd6 21. Qe3 Qh4 22. Nh5 Nxg4 23. Bxg4 Qxg4 24. Nxg7 d4 25. Qg3 Bc6+ 26. Kg1 Qxg7 27. cxd4 Qxg3+ 28. hxg3 axb4 29. axb4 Rxa1 30. Rxa1 Ra8 31. Re1 Bd5 32. Bc3 Kf7 33. Kh2 Ra4 34. Rb1 Kg6 35. Kg1 Be4 36. Re1 Bd5 37. Rb1 Kf5 38. Kf2 Kg4 39. Rb2 Ra1 40. Rc2 Ra4 41. Rb2 Be4 42. Ke3 Bd3 43. Kf2 Kh3 0-1

[Event "Mecklenburg VP LL2 Ost 1011"]
[Site "Mecklenburg VP"]
[Date "2011.02.27"]
[Round "7.4"]
[White "Dettmann, Holger"]
[Black "Zibell, Walter"]
[Result "1-0"]
[WhiteElo "1943"]
[BlackElo "1766"]
[PlyCount "101"]
[EventDate "2010.10.10"]
[EventType "team-tourn"]
[EventRounds "9"]
[EventCountry "GER"]
[SourceTitle "EXT 2022"]
[Source "ChessBase"]
[SourceDate "2021.10.06"]
[SourceVersion "1"]
[SourceVersionDate "2021.10.06"]
[SourceQuality "1"]
[WhiteTeam "Guestrow/Teterow"]
[BlackTeam "Neubrandenburg SG Eintracht II"]
[WhiteTeamCountry "GER"]
[BlackTeamCountry "GER"]

1. d4 Nf6 2. Nc3 d5 3. Bf4 Bf5 4. f3 e6 5. g4 Bg6 6. h4 h6 7. e3 Bd6 8. Bd3 Bh7 9. Nge2 Nc6 10. Qd2 Bxd3 11. cxd3 e5 12. dxe5 Bxe5 13. d4 Bxf4 14. Nxf4 Qd7 15. 0-0-0 0-0-0 16. g5 hxg5 17. hxg5 Nh7 18. Rdg1 Qf5 19. Qg2 Rhe8 20. Qg4 Qxg4 21. Rxg4 Nf8 22. Nfxd5 b5 23. a3 a5 24. b4 axb4 25. axb4 Na7 26. Re4 Ne6 27. Rf1 c6 28. Nf4 Nxg5 29. Rxe8 Rxe8 30. Kd2 Rh8 31. Ne4 Nxe4+ 32. fxe4 Kd7 33. Rg1 g6 34. e5 Rg8 35. e4 Nc8 36. d5 Nb6 37. e6+ fxe6 38. dxe6+ Ke7 39. Nxg6+ Kxe6 40. Nf4+ Kf7 41. Rxg8 Kxg8 42. Ne6 Nd7 43. Kc3 Nb8 44. Kd4 Kf7 45. Nc5 Kf6 46. e5+ Ke7 47. e6 Ke8 48. Ke5 Ke7 49. Kf5 Ke8 50. Kf6 Kf8 51. Nd7+ 1-0

[Event "Mecklenburg VP LL2 Ost 0910"]
[Site "Mecklenburg VP"]
[Date "2009.10.18"]
[Round "1.1"]
[White "Zibell, Walter"]
[Black "Dettmann, Gerd"]
[Result "1/2-1/2"]
[WhiteElo "1786"]
[BlackElo "2095"]
[PlyCount "43"]
[EventDate "2009.10.18"]
[EventType "team-tourn"]
[EventRounds "9"]
[EventCountry "GER"]
[SourceTitle "EXT 2016"]
[Source "ChessBase"]
[SourceDate "2015.10.08"]
[SourceVersion "1"]
[SourceVersionDate "2015.10.08"]
[SourceQuality "1"]
[WhiteTeam "Neubrandenburg SG Eintracht II"]
[BlackTeam "Guestrow/Teterow"]
[WhiteTeamCountry "GER"]
[BlackTeamCountry "GER"]

1. d4 Nf6 2. c4 e6 3. Nf3 b6 4. Nc3 Bb4 5. Qc2 Bb7 6. a3 Bxc3+ 7. bxc3 h6 8. Bf4 0-0 9. e3 Nh5 10. Bg3 d6 11. Be2 Nd7 12. 0-0 Nxg3 13. fxg3 Qe7 14. Bd3 c5 15. e4 Rac8 16. a4 cxd4 17. cxd4 d5 18. exd5 exd5 19. Qb3 Qd6 20. c5 Qc7 21. cxb6 Nxb6 22. a5 1/2-1/2

[Event "Mecklenburg VP LL 0809"]
[Site "Mecklenburg VP"]
[Date "2008.10.26"]
[Round "2.7"]
[White "Zibell, Walter"]
[Black "Isigkeit, Hans Juergen"]
[Result "1-0"]
[WhiteElo "1782"]
[BlackElo "1647"]
[PlyCount "101"]
[EventDate "2008.10.05"]
[EventType "team-tourn"]
[EventRounds "9"]
[EventCountry "GER"]
[SourceTitle "EXT 2022"]
[Source "ChessBase"]
[SourceDate "2021.10.06"]
[SourceVersion "1"]
[SourceVersionDate "2021.10.06"]
[SourceQuality "1"]
[WhiteTeam "Neubrandenburg SG Eintracht"]
[BlackTeam "Stralsund FHSG"]
[WhiteTeamCountry "GER"]
[BlackTeamCountry "GER"]

1. d4 Nf6 2. Nf3 e6 3. c4 d5 4. Bg5 Be7 5. Nc3 0-0 6. e3 b6 7. cxd5 Nxd5 8. Bxe7 Qxe7 9. Bd3 Nxc3 10. bxc3 Bb7 11. 0-0 Nd7 12. e4 c5 13. Rc1 e5 14. d5 Nf6 15. Nd2 Rac8 16. c4 g6 17. Rc3 Nh5 18. g3 Qd7 19. Be2 Ng7 20. f4 Rce8 21. f5 f6 22. fxg6 hxg6 23. Bg4 f5 24. Bh3 Qd6 25. Rcf3 Bc8 26. Qa4 Bd7 27. Qc2 f4 28. Bxd7 Qxd7 29. gxf4 Rxf4 30. Rxf4 exf4 31. Nf3 Qg4+ 32. Kf2 Qh5 33. Rg1 Kf7 34. Rg5 Qh3 35. Rf5+ Kg8 36. Rxf4 Nh5 37. Rh4 Qd7 38. e5 Qg7 39. Rg4 Kh7 40. Ng5+ Kh8 41. Qe4 Nf6 42. Rh4+ Kg8 43. Qf3 Rxe5 44. Ne6 Qe7 45. Rf4 Nh7 46. Qg3 Rxe6 47. dxe6 Qxe6 48. Qd3 Kg7 49. Qe3 Qd7 50. Qe5+ Kg8 51. Qd5+ 1-0

[Event "Mecklenburg VP LL 0708"]
[Site "Mecklenburg VP"]
[Date "2007.11.25"]
[Round "3.7"]
[White "Zibell, Walter"]
[Black "Glawe, Hartmut"]
[Result "1/2-1/2"]
[WhiteElo "1779"]
[BlackElo "1905"]
[PlyCount "47"]
[EventDate "2007.10.21"]
[EventType "team-tourn"]
[EventRounds "9"]
[EventCountry "GER"]
[SourceTitle "EXT 2016"]
[Source "ChessBase"]
[SourceDate "2015.10.08"]
[SourceVersion "1"]
[SourceVersionDate "2015.10.08"]
[SourceQuality "1"]
[WhiteTeam "Neubrandenburg SG Eintracht"]
[BlackTeam "Stralsund FHSG"]
[WhiteTeamCountry "GER"]
[BlackTeamCountry "GER"]

1. d4 Nf6 2. c4 d5 3. cxd5 Nxd5 4. e4 Nf6 5. Nc3 e6 6. Bg5 Be7 7. Nf3 0-0 8. e5 Nd5 9. Bxe7 Qxe7 10. Bd3 c5 11. dxc5 Nxc3 12. bxc3 g6 13. h4 Qxc5 14. Rc1 Nc6 15. Qe2 Rd8 16. h5 Nd4 17. Nxd4 Rxd4 18. hxg6 fxg6 19. Qe3 Rd5 20. Qh6 Rxe5+ 21. Kf1 Rh5 22. Rxh5 Qxh5 23. Qxh5 gxh5 24. Be2 1/2-1/2

[Event "Ueckermuende op 6th"]
[Site "Ueckermuende"]
[Date "2007.08.31"]
[Round "1"]
[White "Zibell, Walter"]
[Black "Ispirjan, Mikael"]
[Result "1-0"]
[WhiteElo "1779"]
[BlackElo "986"]
[PlyCount "79"]
[EventDate "2007.08.31"]
[EventType "swiss"]
[EventRounds "5"]
[EventCountry "GER"]
[SourceTitle "CBM 120 Extra"]
[Source "ChessBase"]
[SourceDate "2007.11.01"]
[SourceVersion "1"]
[SourceVersionDate "2007.11.01"]
[SourceQuality "1"]

1. d4 Nf6 2. c4 e6 3. Nc3 c6 4. Nf3 d5 5. Bg5 Nbd7 6. e3 Be7 7. Bd3 c5 8. 0-0 cxd4 9. exd4 Qc7 10. cxd5 exd5 11. Re1 h6 12. Bh4 Qd8 13. Qe2 Ng8 14. Bxe7 Nxe7 15. Nxd5 Nb6 16. Nxe7 Be6 17. Nf5 0-0 18. Ng3 Re8 19. Qd2 Nc4 20. Bxc4 Bxc4 21. Rxe8+ Qxe8 22. Re1 Qb5 23. b3 Bd5 24. Re5 Re8 25. Qe2 Qxe2 26. Nxe2 Rxe5 27. Nxe5 f6 28. Nc4 b5 29. Ne3 Bc6 30. b4 Kf7 31. f3 Ke6 32. d5+ Bxd5 33. Nf4+ Kd6 34. Nfxd5 Ke5 35. Nc7 a6 36. Nxa6 Kd4 37. Nf5+ Kc3 38. Nd6 Kb2 39. Nxb5 Kxa2 40. Nbc7 1-0

[Event "Mecklenburg VP LL1 0506"]
[Site "Mecklenburg VP"]
[Date "2006.02.19"]
[Round "7.1"]
[White "Zentgraf, Robert"]
[Black "Zibell, Walter"]
[Result "1-0"]
[WhiteElo "2050"]
[BlackElo "1800"]
[PlyCount "119"]
[EventDate "2005.10.23"]
[EventType "team"]
[EventRounds "9"]
[EventCountry "GER"]
[SourceTitle "EXT 2008"]
[Source "ChessBase"]
[SourceDate "2007.11.25"]
[SourceVersion "1"]
[SourceVersionDate "2007.11.25"]
[SourceQuality "1"]
[WhiteTeam "Torgelow"]
[BlackTeam "Neubrandenburg SG Eintracht II"]
[WhiteTeamCountry "GER"]
[BlackTeamCountry "GER"]

1. c4 Nf6 2. g3 e6 3. Bg2 d5 4. Nf3 Be7 5. d4 0-0 6. 0-0 Nbd7 7. Qc2 Re8 8. Rd1 c6 9. Nbd2 Nf8 10. b3 Ng6 11. Bb2 Qa5 12. a3 dxc4 13. Nxc4 Qh5 14. Nce5 Bd6 15. h3 Qf5 16. Qd2 h5 17. Ng5 Nd7 18. e4 Qf6 19. Nxd7 Bxd7 20. e5 Qe7 21. exd6 Qxd6 22. Ne4 Qe7 23. Qg5 Qxg5 24. Nxg5 f6 25. Ne4 Red8 26. Nc5 Rab8 27. Nxd7 Rxd7 28. h4 Rbd8 29. Bf3 Ne7 30. Bxh5 g6 31. Bg4 f5 32. Bf3 Kf7 33. Re1 Ng8 34. Re5 Nf6 35. Rae1 Re8 36. Kf1 Rd6 37. a4 Nd7 38. R5e3 Nf6 39. b4 a6 40. b5 cxb5 41. axb5 Rb6 42. Rb3 Rd8 43. Bc3 Rxb5 44. Rxb5 axb5 45. Rb1 Nd5 46. Ba5 b6 47. Bd2 b4 48. Bxd5 Rxd5 49. Rxb4 b5 50. Ke2 Ke8 51. Kd3 e5 52. Be3 e4+ 53. Kc3 Kd7 54. Rb3 Kc6 55. Kb4 Rd8 56. Rc3+ Kb6 57. Rc5 Ra8 58. Rxb5+ Kc6 59. d5+ Kd7 60. Rb6 1-0

[Event "Mecklenburg VP LL1 0506"]
[Site "Mecklenburg VP"]
[Date "2006.01.15"]
[Round "5.2"]
[White "Zibell, Walter"]
[Black "Nauschuetz, Ernst"]
[Result "0-1"]
[WhiteElo "1800"]
[BlackElo "1880"]
[PlyCount "100"]
[EventDate "2005.10.23"]
[EventType "team"]
[EventRounds "9"]
[EventCountry "GER"]
[SourceTitle "EXT 2008"]
[Source "ChessBase"]
[SourceDate "2007.11.25"]
[SourceVersion "1"]
[SourceVersionDate "2007.11.25"]
[SourceQuality "1"]
[WhiteTeam "Neubrandenburg SG Eintracht II"]
[BlackTeam "Greifswald II"]
[WhiteTeamCountry "GER"]
[BlackTeamCountry "GER"]

1. d4 d5 2. c4 e6 3. Nc3 Nf6 4. Bg5 c6 5. e3 Nbd7 6. Nf3 Qa5 7. Bxf6 Nxf6 8. Nd2 Bb4 9. Qc2 0-0 10. a3 Re8 11. Bd3 e5 12. dxe5 Rxe5 13. cxd5 cxd5 14. axb4 Qxa1+ 15. Ncb1 Bd7 16. 0-0 Qa4 17. Qc7 Ree8 18. b5 Qb4 19. Nf3 Bxb5 20. Ne5 Re7 21. Qc3 Qxc3 22. Nxc3 Bxd3 23. Nxd3 Rc8 24. Ra1 a6 25. Kf1 Kf8 26. Ra4 Rc4 27. Ra5 d4 28. Nd1 Ne4 29. b3 Nd2+ 30. Ke2 Nxb3 31. Rd5 dxe3 32. Nxe3 Rd4 33. Rh5 h6 34. Ne1 b5 35. g3 f6 36. Kf1 Nd2+ 37. Kg1 Nc4 38. N3c2 Rd2 39. Rc5 Kf7 40. Rf5 Ne5 41. Ne3 g6 42. Rf4 Nc4 43. Nf3 Rd3 44. Ng4 f5 45. Nxh6+ Kg7 46. Nxf5+ gxf5 47. Rxf5 Rf7 48. Rxf7+ Kxf7 49. Kg2 Rxf3 50. Kxf3 b4 0-1

[Event "Mecklenburg VP LL2 Ost 0102"]
[Site "Mecklenburg VP"]
[Date "2002.04.28"]
[Round "9.4"]
[White "Rosin, Ralf"]
[Black "Zibell, Walter"]
[Result "1/2-1/2"]
[WhiteElo "1735"]
[BlackElo "1801"]
[PlyCount "74"]
[EventDate "2001.10.07"]
[EventType "team-tourn"]
[EventRounds "9"]
[EventCountry "GER"]
[SourceTitle "EXT 2003"]
[Source "ChessBase"]
[SourceDate "2002.11.25"]
[SourceVersion "1"]
[SourceVersionDate "2002.11.25"]
[SourceQuality "1"]
[WhiteTeam "Pasewalk"]
[BlackTeam "Neubrandenburg SG Eintracht II"]
[WhiteTeamCountry "GER"]
[BlackTeamCountry "GER"]

1. d4 d5 2. Bg5 Bf5 3. Nc3 c6 4. Nf3 Nd7 5. Nh4 Bg6 6. Nxg6 hxg6 7. e4 dxe4 8. Nxe4 Ngf6 9. Qe2 Nxe4 10. Qxe4 Qa5+ 11. Bd2 Qb6 12. Bc3 Nf6 13. Qf3 e6 14. a3 Be7 15. Bc4 Qc7 16. h3 Rd8 17. Rd1 b5 18. Bd3 Nd5 19. Be4 Bf6 20. b4 Qb6 21. Bb2 a5 22. c3 0-0 23. 0-0 Be7 24. Rc1 f5 25. Bc2 Bf6 26. Rfe1 Kf7 27. Re2 Rfe8 28. Rce1 Re7 29. Bb3 a4 30. Ba2 Rde8 31. Bc1 Qc7 32. Bb2 Qd6 33. c4 Nf4 34. Rd2 bxc4 35. Bxc4 Nd5 36. Ba2 Nc7 37. Rc1 Nd5 1/2-1/2